000
00201nam a2200073Ia 4500
008
170817s9999 xx 000 0 und d
100
_a
Mukhopadhyay.Marmar
245
0
_a
Educational Technology Knowledge Assesment
260
_b
Shipra Pub
999
_c
38953
_d
38953